000
00270nam a2200109Ia 4500
008
220216s9999 xx 000 0 und d
100
_a
Mohanachandran Nair S
245
0
_a
Namukkum venam sowroorja padhathikal
260
_b
Rubber
_c
2013
300
_a
12-Nov
942
_c
JS
999
_c
63379
_d
63379